000 00626nam a2200217 a 4500
999 _c742
_d742
001 742
003 BD-JhCC
005 20191103134007.0
008 171009s2005 b ||||| |||| 00| 0 b d
035 _a(BD-JhCC)742
040 _aBD-JhCC
_dBD-JhCC
041 _aben
082 _a891.443
_bQUE 2005
100 _aমো: কামরুজ্জামান
245 _aভূতের ভয় /
_cমো: কামরুজ্জামান .
260 _aঢাকা ,
_b3Tপ্রকাশনী ,
_c২০০৫
300 _a64p. ;
_c22cm.
650 _aBangali Novel
942 _2ddc
_cBK
_03